000 00561nam a2200169Ia 4500
005 20250508155254.0
008 008 250505s9999 xx 000 0 eng d
037 _aTextual
040 _aFEDL
_beng
_cFEDL
041 _aeng
_2eng
084 _a914.47, UNE
_qFEDL
245 0 _aReading materials for use in teaching about various cultures: The byelorussian Soviet socialist republic
245 0 _cUnited Nations Educational, Scientific and Cultural Organization
300 _a51p.
942 _cTEXL
_h914.47, UNE
999 _c1355737
_d1355737